JavaScript / (Record no. 62629)

MARC details
000 -LEADER
fixed length control field 00388nam a22001457a 4500
005 - DATE AND TIME OF LATEST TRANSACTION
control field 20170828144034.0
020 ## - INTERNATIONAL STANDARD BOOK NUMBER
International Standard Book Number 8176482765
Terms of availability 00.00
035 ## - SYSTEM CONTROL NUMBER
System control number B-058543
037 ## - SOURCE OF ACQUISITION
Stock number DPL
Source of stock number/acquisition ENG
100 ## - MAIN ENTRY--PERSONAL NAME
Personal name Khurana, Rohit
245 ## - TITLE STATEMENT
Title JavaScript /
260 ## - PUBLICATION, DISTRIBUTION, ETC. (IMPRINT)
Place of publication, distribution, etc New Delhi
Name of publisher, distributor, etc A.P.H. Publishing Corporation
Date of publication, distribution, etc 2002
300 ## - PHYSICAL DESCRIPTION
Extent various pages
Dimensions 22 cms.
942 ## - ADDED ENTRY ELEMENTS (KOHA)
Source of classification or shelving scheme Dewey Decimal Classification
Item type English Books
Classification part 005.13
Call number suffix JAV
Holdings
Withdrawn status Lost status Not for loan Collection code Home library Current library Date acquired Cost, normal purchase price Full call number Barcode Cost, replacement price Koha item type
      Non-fiction Sarojini Nagar Sarojini Nagar 13/02/2012 0.00 005.13 JAV B-058543 0.00 English Books

© Delhi Public Library
Hit Counter
free hit counter